[Event "Wch Rapid"]
[Site "New York"]
[Date "2024.12.27"]
[Round "9"]
[White "Makarian, Rudik"]
[Black "Ivanchuk, Vassily"]
[Result "1/2-1/2"]
[WhiteElo "2498"]
[BlackElo "2647"]
[PlyCount "153"]
[EventDate "2024.12.26"]
[EventType "swiss (rapid)"]
[EventRounds "13"]
[EventCountry "USA"]
[SourceTitle "CB01_2025"]
[SourceDate "2025.01.01"]
[SourceVersion "1"]
[SourceVersionDate "2025.01.01"]
[SourceQuality "1"]

1. d4 Nf6 2. c4 e6 3. Nf3 Bb4+ 4. Bd2 c5 5. Bxb4 cxb4 6. a3 bxa3 7. Rxa3 0-0 8. e3 d6 9. Nc3 Nc6 10. Bd3 e5 11. 0-0 Bg4 12. dxe5 dxe5 13. Ne4 Nd7 14. Bb1 Qe7 15. Qd6 Qxd6 16. Nxd6 Bxf3 17. gxf3 Nc5 18. Ne4 Na6 19. Nc3 Nc5 20. Na4 Nd7 21. Be4 Rac8 22. Nc3 a6 23. Rd1 Nf6 24. Nd5 Nxe4 25. fxe4 Rfd8 26. Rad3 Kf8 27. b4 Rd7 28. Nb6 Rxd3 29. Rxd3 Rc7 30. b5 axb5 31. cxb5 Na7 32. Nd7+ Ke7 33. b6 Rc1+ 34. Kg2 Nc6 35. Rd5 Rb1 36. Nxe5 Rxb6 37. Nxc6+ bxc6 38. Ra5 Rb2 39. Ra7+ Ke6 40. Rc7 Rc2 41. Kg3 c5 42. f4 c4 43. f5+ Kf6 44. Kf4 g5+ 45. fxg6 hxg6 46. h4 c3 47. Rc6+ Ke7 48. Ke5 Rc1 49. Rc7+ Kf8 50. Kf6 Rf1+ 51. Kg5 Rg1+ 52. Kf4 Rc1 53. e5 c2 54. Ke4 Rh1 55. Rxc2 Rxh4+ 56. Kd5 Ra4 57. Rc8+ Ke7 58. Rc7+ Ke8 59. Rb7 g5 60. Rb8+ Ke7 61. Rg8 Rg4 62. e6 fxe6+ 63. Ke5 Kf7 64. Ra8 Rb4 65. Ra7+ Kg6 66. Ra6 Kf7 67. Ra7+ Kg6 68. Ra6 g4 69. Rxe6+ Kg5 70. Re8 g3 71. Rg8+ Kh4 72. e4 Rb1 73. Kd5 Kh3 74. e5 g2 75. e6 g1Q 76. Rxg1 Rxg1 77. e7 1/2-1/2

[Event "Wch Rapid"]
[Site "New York"]
[Date "2024.12.26"]
[Round "2"]
[White "Ivanchuk, Vassily"]
[Black "Dlugy, Maxim"]
[Result "1-0"]
[WhiteElo "2647"]
[BlackElo "2538"]
[PlyCount "131"]
[EventDate "2024.12.26"]
[EventType "swiss (rapid)"]
[EventRounds "13"]
[EventCountry "USA"]
[SourceTitle "CB01_2025"]
[SourceDate "2025.01.01"]
[SourceVersion "1"]
[SourceVersionDate "2025.01.01"]
[SourceQuality "1"]

1. Nf3 d5 2. c4 dxc4 3. Qa4+ Nc6 4. g3 Nf6 5. Bg2 Nd7 6. Qxc4 Nb6 7. Qh4 Bf5 8. Nc3 e5 9. Qxd8+ Rxd8 10. d3 f6 11. Be3 Be6 12. 0-0 Nd5 13. Bd2 Be7 14. Rfc1 0-0 15. Ne4 Rd7 16. a3 Nd4 17. Nxd4 exd4 18. Nc5 Bxc5 19. Rxc5 Re8 20. b4 c6 21. Bf3 Nc7 22. a4 Bd5 23. Bxd5+ Rxd5 24. Rxd5 Nxd5 25. Kf1 a6 26. Rc1 Rd8 27. b5 axb5 28. axb5 cxb5 29. Rc5 b4 30. Rb5 Rd7 31. Bxb4 Nxb4 32. Rxb4 Kf7 33. Rb6 Ke7 34. Ke1 Kd8 35. Kd2 Kc7 36. Re6 Rd6 37. Re8 Kc6 38. Kc2 Rd7 39. Kb3 Kb5 40. h4 b6 41. g4 Rd5 42. Re7 Re5 43. Rxg7 Rxe2 44. Rxh7 Rxf2 45. Rh5+ Kc6 46. Rf5 Rg2 47. Rxf6+ Kd5 48. Rg6 b5 49. h5 Rg3 50. h6 Rxd3+ 51. Kb2 Kc4 52. Rc6+ Kb4 53. g5 Rd2+ 54. Kc1 Rh2 55. Rc8 Kb3 56. g6 Rh1+ 57. Kd2 Rh2+ 58. Kd3 Rxh6 59. g7 Rh3+ 60. Kxd4 Rh4+ 61. Ke3 Rg4 62. g8Q+ Rxg8 63. Rxg8 b4 64. Kd2 Kb2 65. Rb8 b3 66. Rb7 1-0

[Event "Wch Rapid"]
[Site "New York"]
[Date "2024.12.26"]
[Round "1"]
[White "Madaminov, Mukhiddin"]
[Black "Ivanchuk, Vassily"]
[Result "0-1"]
[WhiteElo "2456"]
[BlackElo "2647"]
[PlyCount "108"]
[EventDate "2024.12.26"]
[EventType "swiss (rapid)"]
[EventRounds "13"]
[EventCountry "USA"]
[SourceTitle "CB01_2025"]
[SourceDate "2025.01.01"]
[SourceVersion "1"]
[SourceVersionDate "2025.01.01"]
[SourceQuality "1"]

1. e4 e5 2. Nf3 Nc6 3. Bc4 Bc5 4. Nc3 d6 5. Na4 Bb6 6. a3 Qf6 7. Nxb6 axb6 8. Be2 Nge7 9. d3 h6 10. Be3 d5 11. 0-0 d4 12. Bd2 Ng6 13. Ne1 h5 14. g3 h4 15. Bg4 Nge7 16. Bxc8 Rxc8 17. Qg4 Qg6 18. Qxg6 Nxg6 19. f4 hxg3 20. hxg3 f6 21. Nf3 Kd7 22. Kg2 Rh7 23. Rh1 Rch8 24. Rxh7 Rxh7 25. a4 Rh8 26. b4 Ra8 27. b5 Nd8 28. f5 Nf8 29. g4 Nf7 30. g5 Nd6 31. c4 dxc3 32. Bxc3 Ke7 33. Bb4 Nd7 34. Rc1 Rxa4 35. Bxd6+ Kxd6 36. Rh1 Ra8 37. Rh7 Rg8 38. Kf2 fxg5 39. Nxg5 Nf6 40. Rh1 g6 41. Nf7+ Ke7 42. Nh6 Rh8 43. Kg2 g5 44. d4 exd4 45. e5 Nd7 46. f6+ Ke6 47. f7 d3 48. Kf3 Nxe5+ 49. Kg3 d2 50. Rf1 Rf8 51. Rd1 Nxf7 52. Ng4 Rd8 53. Nf2 Nd6 54. Kg4 Nc4 0-1